[Event "AUTO-INT-423"]
[Site "http://www.queenalice.com/game.php?id=199257"]
[Date "2007.4.19"]
[Round "1"]
[White "Simszg"]
[Black "Smylov_Aniquilachion"]
[Result "1-0"]
[WhiteElo "1427"]
[BlackElo "1763"]

1. e3 e6 2. d4 d5 3. c3 Nf6 4. Qa4+ Bd7 5. Qd1 c5 6. b4 cxb4 7. a3 bxc3 8. Nxc3
Bd6 9. Nge2 O-O 10. g3 Nc6 11. h3 Qc7 12. Nb5 Qa5+ 13. Nbc3 Ne4 14. a4 Nxc3 15.
Qd2 Bb4 16. Bb2 Nxe2 17. Rd1 Bxd2+ 18. Rxd2 1-0

[Event "AUTO-INT-423"]
[Site "http://www.queenalice.com/game.php?id=199258"]
[Date "2007.4.19"]
[Round "1"]
[White "Smylov_Aniquilachion"]
[Black "Simszg"]
[Result "0-1"]
[WhiteElo "1793"]
[BlackElo "1397"]

1. d4 e6 2. c4 c6 3. Nc3 c5 4. Nf3 f6 5. e3 a6 6. g3 cxd4 7. exd4 Nc6 8. Bg2 h5
9. h4 g6 10. Qc2 Nge7 11. a3 d5 12. c5 b5 13. O-O Ne5 14. dxe5 fxe5 15. Nxe5 Rh7
16. Nxg6 Nf5 0-1

[Event "Let's Play Chess!"]
[Site "http://www.queenalice.com/game.php?id=211651"]
[Date "2007.5.16"]
[Round "-"]
[White "rictad"]
[Black "Simszg"]
[Result "0-1"]
[WhiteElo "1395"]
[BlackElo "1479"]

1. e4 c6 2. d3 d5 3. Nd2 e6 4. Ngf3 Bc5 5. d4 Bd6 6. Bd3 f5 7. e5 Be7 8. O-O b6
9. b3 a5 10. Bb2 g5 11. Nxg5 Bxg5 12. Qh5+ Kd7 13. Ba3 Bxd2 14. c4 Qg5 15. Qf7+
Ne7 16. Rad1 Bb4 17. Bc1 Qg6 18. Qf6 Rg8 19. g3 f4 20. Bxg6 Rxg6 21. Qh8 fxg3
22. fxg3 Na6 23. Qxh7 Bb7 24. h4 Rag8 25. Bg5 R8g7 26. Qh8 Rg8 27. Qh7 R8g7 28.
Qh5 Nf5 29. Qh8 Rg8 30. Qh7+ R6g7 31. Qh5 c5 32. g4 Ne7 33. Rf7 Kc6 34. Bxe7
Rxg4+ 35. Kh2 Rg2+ 36. Kh1 Bd2 37. Rg1 Rxg1+ 0-1

[Event "Let's Play Chess!"]
[Site "http://www.queenalice.com/game.php?id=211652"]
[Date "2007.5.16"]
[Round "-"]
[White "Simszg"]
[Black "groo"]
[Result "0-1"]
[WhiteElo "1478"]
[BlackElo "1453"]

1. g3 d5 2. f4 b6 3. e3 f5 4. d4 Nf6 5. c3 h6 6. a4 e6 7. b4 c5 8. bxc5 bxc5 9.
Bb5+ Nfd7 10. Ba3 a6 11. Qh5+ Ke7 12. Qh4+ Ke8 13. Qh5+ Ke7 14. Bxc5+ Nxc5 15.
Qh4+ g5 16. fxg5 axb5 17. dxc5 Nc6 18. g6+ Kd7 19. Nf3 Bg7 20. Qf4 Ra6 21. Qd6+
Ke8 22. Qxd8+ Kxd8 23. h4 b4 24. cxb4 Bxa1 25. b5 Rxa4 26. bxc6 Rc4 27. g7 Rg8
28. Ne5 Rc1+ 29. Kf2 Rxh1 30. Nd2 Bxe5 31. Nf3 Bxg7 32. Nd4 Bxd4 33. exd4 Rg4
34. Kg2 Rhxh4 35. Kf3 Rh3 36. c7+ Kxc7 37. Ke3 Rhxg3+ 38. Kf2 f4 39. Kf1 Rh4 40.
Ke2 Ba6+ 41. Kd2 Rh2+ 0-1

[Event "Let's Play Chess!"]
[Site "http://www.queenalice.com/game.php?id=215219"]
[Date "2007.5.23"]
[Round "-"]
[White "dtrainey"]
[Black "Simszg"]
[Result "1-0"]
[WhiteElo "1535"]
[BlackElo "1467"]

1. e4 e5 2. d4 Qh4 3. Nc3 exd4 4. g3 Qf6 5. Nd5 Qe5 6. Qe2 c6 7. f4 Qd6 8. Nf3
cxd5 9. e5 Qb4+ 10. Qd2 Nh6 11. Qxb4 Bxb4+ 12. c3 dxc3 13. Rb1 c2+ 14. Nd2
cxb1=Q 15. Kf2 Qxc1 16. Ke2 1-0

[Event "Let's Play Chess!"]
[Site "http://www.queenalice.com/game.php?id=215388"]
[Date "2007.5.23"]
[Round "-"]
[White "Aleqza"]
[Black "Simszg"]
[Result "1-0"]
[WhiteElo "1437"]
[BlackElo "1461"]

1. e4 e5 2. Qh5 g6 3. Qxe5+ Qe7 4. Qxh8 Qxe4+ 5. Kd1 d5 6. Qxg8 Bf5 7. f3 Qxc2+
8. Ke2 Qxc1 9. Qh8 Nc6 10. Qc3 Qxc3 11. Nxc3 Nd4+ 12. Kd1 c6 13. Nge2 Bc2+ 14.
Ke1 Nb5 15. Nxb5 cxb5 16. Nd4 Ba4 17. b3 Bc5 18. Ne2 O-O-O 19. Rc1 b6 20. Nd4
Re8+ 21. Be2 Kd7 22. Nc2 b4 23. bxa4 f5 24. Ne3 Kd6 25. h4 f4 26. Ng4 d4 27. Nf6
Re7 28. Ne4+ Rxe4 29. fxe4 Ke5 30. a5 Be7 31. Rc7 Bd6 32. Rxa7 bxa5 33. Rxa5+
Kxe4 34. Kf2 d3 35. Bf3+ Kd4 36. Re1 b3 37. Re4# 1-0

[Event "AUTO-INT-470"]
[Site "http://www.queenalice.com/game.php?id=215992"]
[Date "2007.5.24"]
[Round "1"]
[White "IkeBroflovski"]
[Black "Simszg"]
[Result "1-0"]
[WhiteElo "1533"]
[BlackElo "1492"]

1. Nf3 e6 2. d4 c6 3. e4 Qa5+ 4. Bd2 Bb4 5. Bd3 d5 6. c3 Bd6 7. e5 Be7 8. O-O
Qd8 9. Na3 f6 10. Nc2 g6 11. exf6 Bxf6 12. Ne3 b5 13. Ng4 Be7 14. Nge5 Nh6 15.
Bxh6 Nd7 16. Qc2 Nf8 17. Bxf8 Rxf8 18. Bxg6+ hxg6 19. Qxg6+ 1-0

[Event "AUTO-INT-470"]
[Site "http://www.queenalice.com/game.php?id=216010"]
[Date "2007.5.24"]
[Round "1"]
[White "Simszg"]
[Black "claudiocaire"]
[Result "0-1"]
[WhiteElo "1454"]
[BlackElo "1515"]

1. e3 e5 2. d4 exd4 3. exd4 Qf6 4. Be3 Qb6 5. c3 Qxb2 6. Nd2 Qxc3 7. Ne2 Qc6 8.
Rc1 Qe6 9. Nc3 Ba3 10. d5 Qe5 11. Nc4 Qf6 12. Nxa3 Nh6 13. Nab5 Ng4 14. Nxc7+
Kd8 15. Nxa8 Re8 16. Qxg4 d6 17. Qc4 Bd7 0-1

[Event "AUTO-INT-470"]
[Site "http://www.queenalice.com/game.php?id=216011"]
[Date "2007.5.24"]
[Round "1"]
[White "claudiocaire"]
[Black "Simszg"]
[Result "0-1"]
[WhiteElo "1511"]
[BlackElo "1444"]

1. e4 c6 2. Bc4 d5 3. exd5 e6 4. dxe6 b5 5. exf7+ Ke7 6. fxg8=Q Rxg8 7. Bxg8 Kd6
8. Bxh7 Qe7+ 9. Ne2 Nd7 10. O-O Ne5 11. d4 Ng4 12. Nf4 Qh4 13. h3 g5 14. hxg4
Qxh7 15. Nd3 Kc7 16. Qf3 Bd6 17. Bxg5 Qh2# 0-1

[Event "QA-ANNIV-03"]
[Site "http://www.queenalice.com/game.php?id=225600"]
[Date "2007.6.15"]
[Round "1"]
[White "evasion"]
[Black "Simszg"]
[Result "1-0"]
[WhiteElo "1647"]
[BlackElo "1468"]

1. d4 Nf6 2. c4 d5 3. Nc3 dxc4 4. e4 c6 5. Bxc4 b5 6. Bb3 e6 7. Bg5 h6 8. Bh4 a5
9. e5 g5 10. Bg3 a4 11. Bc2 Nfd7 12. Nf3 f5 13. h3 Qb6 14. a3 Be7 15. b3 O-O 16.
bxa4 b4 17. axb4 Qxb4 18. Qd3 Ba6 19. Qd2 Rd8 20. Bd3 Nc5 21. Bxa6 Ncxa6 22. Qc2
c5 23. dxc5 Nxc5 24. O-O Rd3 25. Ne2 f4 26. Bh2 Nc6 27. Rfb1 Qe4 28. Nc3 Nd4 29.
Qb2 Rb8 30. Nxe4 Rxb2 31. Rxb2 Nxe4 32. Nxd4 Rxd4 33. a5 Rd2 34. Rxd2 Nxd2 35.
a6 Bc5 36. Kh1 f3 37. Bg1 Bd4 38. Rd1 Nb3 39. Rxd4 Nxd4 40. a7 Kg7 41. a8=Q h5
42. Qa7+ Kf8 43. Qxd4 g4 44. gxf3 gxh3 45. Bh2 Kf7 46. Bf4 Kg6 47. Qe4+ Kf7 48.
Kh2 Ke7 49. Kxh3 Kd7 50. Kh4 Kc7 51. Kxh5 Kb6 52. Kg6 Kc7 53. Kf7 Kd7 54. Qb7+
Kd8 55. Kxe6 Ke8 56. Qe7# 1-0

[Event "Let's Play Chess!"]
[Site "http://www.queenalice.com/game.php?id=226737"]
[Date "2007.6.17"]
[Round "-"]
[White "Simszg"]
[Black "mp3"]
[Result "1-0"]
[WhiteElo "1448"]
[BlackElo "1488"]

1. Nc3 c5 2. e4 d6 3. Nf3 Bg4 4. h3 Bxf3 5. Qxf3 e5 6. Bc4 Qe7 7. Bb5+ Nd7 8.
Nd5 Qd8 9. Bc4 Ngf6 10. Nxf6+ Qxf6 11. Bb5 Qxf3 12. gxf3 Be7 13. d3 O-O 14. Bxd7
b6 15. Rg1 Rad8 16. Bc6 h6 17. Bd2 a5 18. O-O-O Rc8 19. Bb7 Rc7 20. Bd5 Bh4 21.
Rg2 b5 22. Bxh6 Bf6 23. Rdg1 Kh7 24. Bxg7 Bxg7 25. Rxg7+ Kh8 26. R1g5 b4 27. Rg4
Rcc8 28. Bxf7 a4 29. Be6 Rcd8 30. R7g6 Kh7 31. Bf5 Ra8 32. Rh4# 1-0

[Event "Let's Play Chess!"]
[Site "http://www.queenalice.com/game.php?id=226838"]
[Date "2007.6.18"]
[Round "-"]
[White "socramc"]
[Black "Simszg"]
[Result "0-1"]
[WhiteElo "1453"]
[BlackElo "1459"]

1. e4 Nf6 2. e5 Ne4 3. Qe2 d5 4. d4 Nc6 5. Qf3 g6 6. Bb5 f5 7. exf6 exf6 8. Ne2
a6 9. Bd3 Qe7 10. O-O f5 11. Bf4 g5 12. Be5 Nxe5 13. Qh5+ Qf7 14. Qxf7+ Kxf7 15.
dxe5 Nc5 16. Nbc3 d4 17. Nd5 c6 18. Nc7 Rb8 19. Nxd4 Ne4 20. e6+ Kf6 0-1

[Event "Let's Play Chess!"]
[Site "http://www.queenalice.com/game.php?id=233502"]
[Date "2007.7.2"]
[Round "-"]
[White "Simszg"]
[Black "chicalleje"]
[Result "0-1"]
[WhiteElo "1442"]
[BlackElo "1593"]

1. Nc3 d5 2. e4 c6 3. exd5 cxd5 4. Bb5+ Bd7 5. Bxd7+ Qxd7 6. Qf3 e6 7. a4 Nc6 8.
Nh3 Nd4 9. Qd3 Bc5 10. b4 Nxc2+ 11. Qxc2 Bxb4 12. Ba3 Bxa3 13. Rxa3 Rc8 14. O-O
d4 15. Rd1 Nf6 16. Qb3 dxc3 17. dxc3 Qc7 18. Rd3 O-O 19. Ng5 Nd7 20. Nxe6 fxe6
21. Qxe6+ Rf7 22. Rf3 Nc5 23. Qc4 Rf8 24. Qd5 Kh8 25. c4 Rxf3 26. gxf3 Qc6 27.
Qg5 h6 28. Qe7 Re8 29. Qf7 Qe6 30. Qxe6 Rxe6 31. a5 Ra6 32. f4 b6 33. f5 Rxa5
34. Rg3 Ne4 35. Re3 Nd6 36. f6 gxf6 37. Re6 Nxc4 38. Rxf6 Rg5+ 39. Kf1 a5 40.
Rxh6+ Kg7 41. Rc6 b5 42. Rc7+ Kh6 43. Rb7 a4 44. f4 Rf5 45. Rb6+ Nxb6 0-1

[Event "Challenge"]
[Site "http://www.queenalice.com/game.php?id=237051"]
[Date "2007.7.9"]
[Round "-"]
[White "cdare"]
[Black "Simszg"]
[Result "1-0"]
[WhiteElo "1701"]
[BlackElo "1442"]

1. e4 Nf6 2. Nc3 Nc6 3. Nf3 e5 4. Bc4 Bc5 5. O-O a6 6. d3 b5 7. Nxb5 axb5 8.
Bxb5 Ba6 9. Bxa6 Rxa6 10. Qe2 Ng4 11. h3 Nd4 12. Nxd4 Nh6 13. Bxh6 gxh6 14. Nf5
Rg6 15. Qd2 Qg5 16. Qxg5 Rxg5 17. a3 Rhg8 18. g3 d5 19. Kh2 Rh5 20. g4 Rxg4 21.
Rg1 Rxg1 22. Rxg1 Bxf2 23. Ng7+ Ke7 24. Nxh5 c6 25. Rf1 Bh4 26. Ng7 d4 27. Nf5+
Ke6 28. Nxh4 f5 29. Nxf5 h5 30. Ng7+ Kd6 31. Nxh5 c5 32. b3 Kc6 33. Nf6 h6 34.
Ng4 h5 35. Nxe5+ Kd6 36. Nc4+ Kc6 37. e5 Kd7 38. a4 Kc7 39. e6 Kd8 40. a5 Ke7
41. Re1 h4 42. a6 1-0

[Event "Challenge"]
[Site "http://www.queenalice.com/game.php?id=237052"]
[Date "2007.7.9"]
[Round "-"]
[White "Simszg"]
[Black "cdare"]
[Result "0-1"]
[WhiteElo "1436"]
[BlackElo "1709"]

1. Nc3 e5 2. e4 Nf6 3. Nf3 Nc6 4. Bc4 Bc5 5. Ng5 O-O 6. O-O d6 7. d3 h6 8. Nf3
Qe7 9. Nd5 Nxd5 10. exd5 Nd4 11. c3 Nxf3+ 12. Qxf3 Qh4 13. Be3 Bxe3 14. fxe3 Qg5
15. Qg3 Qxg3 16. hxg3 Bg4 17. d4 f6 18. Rae1 a6 19. a4 Bd7 20. a5 b6 21. b4 b5
22. Bd3 c6 23. e4 Rac8 24. g4 Bxg4 25. Be2 Bxe2 26. Rxe2 cxd5 27. exd5 Rxc3 28.
Rf3 Rc4 29. dxe5 fxe5 30. Ref2 Rxf3 31. Rxf3 Rxb4 32. g3 Ra4 33. Rd3 Rxa5 34. g4
b4 35. Kf2 Rb5 36. Kg3 b3 37. Kf2 b2 38. Rd1 a5 39. Ke3 b1=Q 40. Rxb1 Rxb1 41.
Kd3 Rc1 42. Kd2 Rc5 0-1

[Event "Chess!"]
[Site "http://www.queenalice.com/game.php?id=241823"]
[Date "2007.7.18"]
[Round "-"]
[White "rob0330"]
[Black "Simszg"]
[Result "1-0"]
[WhiteElo "1701"]
[BlackElo "1448"]

1. Nf3 Nc6 2. g3 Nf6 3. Bg2 e5 4. d4 d6 5. O-O Ng4 6. Nc3 Qf6 7. Nd5 Qd8 8. Bg5
f6 9. Be3 Nxe3 10. Nxe3 exd4 11. Nxd4 Ne5 12. c4 g6 13. Rc1 c6 14. a4 Bh6 15.
Ndc2 O-O 16. Qd4 Be6 17. Ne1 Ng4 18. Nxg4 Bxc1 19. Nd3 Bg5 20. h4 Bd2 21. b4 f5
22. Ne3 Qb6 23. Qxd6 Rad8 24. Qxe6+ Rf7 25. c5 Qc7 26. Ne5 Bxb4 27. Nxf7 Qxf7
28. Qxf7+ Kxf7 29. Rd1 Re8 30. Rb1 Bxc5 31. Rxb7+ Re7 32. Rxe7+ Kxe7 33. Bxc6 h5
34. Kg2 Kd6 35. Be8 a5 36. Nc4+ Ke7 37. Bxg6 Kf6 38. Bxh5 Ke6 39. f3 Kd5 40.
Nxa5 Bd6 41. g4 f4 42. g5 Bc7 43. g6 Bxa5 44. g7 Bb4 45. g8=Q+ Kc5 46. Qg4 Bd2
47. Be8 Kb4 48. h5 1-0

[Event "Challenge"]
[Site "http://www.queenalice.com/game.php?id=246613"]
[Date "2007.7.27"]
[Round "-"]
[White "Simszg"]
[Black "nandocassapava"]
[Result "1-0"]
[WhiteElo "1429"]
[BlackElo "1635"]

1. e4 e5 2. Nc3 b6 3. Nf3 f6 4. d4 Bb4 5. Bd2 Ne7 6. Bc4 Nbc6 7. a3 Bd6 8. d5
Na5 9. Nb5 O-O 10. Bd3 a6 11. Nxd6 cxd6 12. b4 Nb7 13. Nh4 f5 14. exf5 Nxd5 15.
g3 Re8 16. Qg4 Nf6 17. Qg5 e4 18. Bc4+ d5 19. Bb3 d6 20. Bc3 a5 21. Bxf6 Qd7 22.
Bxg7 Qxg7 23. Bxd5+ Kh8 24. Qxg7+ Kxg7 25. O-O axb4 26. axb4 Rb8 27. Ra7 Re5 28.
c4 Kh6 29. f6 Be6 30. Bxb7 Rf8 31. f4 Rh5 32. Bxe4 Rf7 33. Rxf7 Bxf7 34. Nf5+
Kg6 35. Nxd6+ Kxf6 36. Nxf7 Kxf7 37. f5 Rg5 38. f6 h5 39. Bd5+ Kf8 40. f7 h4 41.
Re1 hxg3 42. Re8+ 1-0

[Event "QA-ANNIV-03"]
[Site "http://www.queenalice.com/game.php?id=246748"]
[Date "2007.7.27"]
[Round "2"]
[White "Simszg"]
[Black "casacudoman"]
[Result "0-1"]
[WhiteElo "1431"]
[BlackElo "1932"]

1. e4 e5 2. Nf3 Nc6 3. c3 b5 4. b4 Nf6 5. Na3 Nxe4 6. Nxb5 a6 7. d3 axb5 8. dxe4
d6 9. h4 Ba6 10. a4 bxa4 11. Rxa4 Bxf1 12. Kxf1 f6 13. b5 Qb8 14. bxc6 Qb5+ 15.
c4 Qxa4 16. Qxa4 Rxa4 17. Ke2 Ra2+ 18. Bd2 Ra6 19. Rb1 Rxc6 20. Rb8+ Kd7 21. Kd3
Rb6 22. Rxb6 cxb6 23. Bb4 d5 24. cxd5 Bxb4 25. Kc4 Bc5 26. Kb5 Bxf2 27. h5 Rc8
28. Nd2 Rc5+ 29. Kxb6 Rxd5+ 0-1

[Event "QA-ANNIV-03"]
[Site "http://www.queenalice.com/game.php?id=270062"]
[Date "2007.9.11"]
[Round "3"]
[White "mandarin"]
[Black "Simszg"]
[Result "1-0"]
[WhiteElo "1633"]
[BlackElo "1451"]

1. e4 Nf6 2. e5 Nd5 3. d4 e6 4. c4 Nb6 5. Nc3 c6 6. Nf3 d5 7. cxd5 exd5 8. Bd3
f5 9. O-O g6 10. Re1 Qe7 11. Nb5 a6 12. Nd6+ Kd8 13. Bg5 h6 14. Bxe7+ Bxe7 15.
Nf7+ Kc7 16. Nxh8 N8d7 17. Nf7 Nc4 18. Bxc4 dxc4 19. e6 Nf8 20. d5 cxd5 21. Qxd5
1-0